Sports Quiz

Random Sports Quiz

Kyle Farnsworth Teams Quiz Stats

 Plays Quiz not verified by Sporcle

Challenge
Share
Tweet
Embed
Score 0/5 Timer 01:00
0 Plays Today
Years Played Teams % Correct
2006-2008New York Yankees
98.3%
2005 & 2010Atlanta Braves
94%
1999-2004Chicago Cubs
81.2%
2009-2010Kansas City Royals
81.2%
2005 & 2008Detroit Tigers
74.4%

You're not logged in!

Compare scores with friends on all Sporcle quizzes.
Join for Free
OR
Log In

You Might Also Like...

Show Comments

Extras

Created Oct 9, 2010SourceReportNominate
Tags:kyle, team

Top Quizzes Today


Score Distribution

Your Account Isn't Verified!

In order to create a playlist on Sporcle, you need to verify the email address you used during registration. Go to your Sporcle Settings to finish the process.

Report this User

Report this user for behavior that violates our Community Guidelines.

Details: